| 000 | 00997nam a2200289 a 4500 | ||
|---|---|---|---|
| 001 | BRCA_742 | ||
| 005 | 20190320203130.0 | ||
| 008 | 020225s2000 mx-a---##b---#000-0#spa-# | ||
| 020 | _a9706830103 | ||
| 040 |
_aDLC _cDLC |
||
| 041 | _aspaeng | ||
| 050 | 4 |
_aNK844 _b.U86 8 _c2000 |
|
| 245 | 1 | 0 | _aRetablos y exvotos. |
| 260 |
_aMéxico _bMuseo Franz Mayer : Artes de México _c2000 |
||
| 300 |
_a83 p. _bil. a color _c23 cm. |
||
| 440 | 0 |
_aColección Uso y estilo _v8 _92450 |
|
| 500 | _aCatálogo de la Exposición realizada en el Museo Franz Mayer (Ciudad de México), 15 noviembre - 29 enero, 2000 | ||
| 500 | _a2 ejemplares en Biblioteca | ||
| 504 | _aBibliografía : p. [68] | ||
| 546 | _aTexto en : español e inglés | ||
| 650 | 1 | 4 |
_aExvotos _zMéxico _92451 |
| 650 | 1 | 4 |
_aExvotos en el arte _92452 |
| 650 | 1 | 4 |
_aPintura mexicana _ySiglo XIX _92453 |
| 650 | 1 | 4 |
_aArte popular _xHistoria _ySiglo XIX _zMéxico _92454 |
| 710 | 2 |
_aMuseo Franz Mayer (Ciudad de México) _92266 |
|
| 942 |
_2lcc _cB |
||
| 999 |
_c641 _d641 |
||